[Event "DEM U10 2021"]
[Site "Willingen GER"]
[Date "2021.08.23"]
[Round "2"]
[White "Rodriguez Klasen, Ennio"]
[Black "Guo, Felix"]
[Result "1-0"]
[Termination "normal"]
[Board "14"]
[WhiteElo "1341"]
[BlackElo "1045"]
[WhiteClock "00:10:40"]
[BlackClock "00:37:06"]
[PlyCount "120"]
[WhiteFideId "16277414"]
[BlackFideId "16277104"]
[EventCountry "GER"]
[EventRounds "11"]
[EventType "swiss"]
[EventDate "2021.08.22"]

1. e4 {[%clk 01:15:54]} {[%emt 00:00:06]} d6 {[%clk 01:15:54]} {[%emt
00:00:07]} 2. d4 {[%clk 01:14:32]} {[%emt 00:01:51]} Nf6 {[%clk 01:15:45]}
{[%emt 00:00:40]} 3. Nc3 {[%clk 01:13:50]} {[%emt 00:01:12]} g6 {[%clk
01:15:55]} {[%emt 00:00:20]} 4. Nf3 {[%clk 01:12:31]} {[%emt 00:01:49]} Bg7
{[%clk 01:16:01]} {[%emt 00:00:24]} 5. h3 {[%clk 01:10:59]} {[%emt 00:02:01]}
O-O {[%clk 01:15:38]} {[%emt 00:00:54]} 6. Bg5 {[%clk 01:08:09]} {[%emt
00:03:20]} Nbd7 {[%clk 01:15:20]} {[%emt 00:00:47]} 7. Bc4 {[%clk 01:07:31]}
{[%emt 00:01:09]} c5 {[%clk 01:15:09]} {[%emt 00:00:41]} 8. d5 {[%clk
00:58:03]} {[%emt 00:09:58]} Qb6 {[%clk 01:13:40]} {[%emt 00:01:59]} 9. Rb1
{[%clk 00:49:50]} {[%emt 00:08:43]} Qb4 {[%clk 01:08:30]} {[%emt 00:05:40]} 10.
Bxf6 {[%clk 00:42:24]} {[%emt 00:07:54]} Nxf6 {[%clk 01:06:37]} {[%emt
00:02:25]} 11. Nd2 {[%clk 00:40:04]} {[%emt 00:02:47]} Nd7 {[%clk 00:55:39]}
{[%emt 00:11:32]} 12. a3 {[%clk 00:30:06]} {[%emt 00:10:27]} Qb6 {[%clk
00:53:25]} {[%emt 00:02:43]} 13. Nf3 {[%clk 00:19:36]} {[%emt 00:11:01]} Ne5
{[%clk 00:52:30]} {[%emt 00:01:24]} 14. Nxe5 {[%clk 00:18:35]} {[%emt
00:01:31]} Bxe5 {[%clk 00:52:22]} {[%emt 00:00:39]} 15. Qd2 {[%clk 00:14:41]}
{[%emt 00:04:23]} e6 {[%clk 00:48:31]} {[%emt 00:04:21]} 16. O-O {[%clk
00:13:51]} {[%emt 00:01:19]} Bg7 {[%clk 00:45:06]} {[%emt 00:03:55]} 17. f3
{[%clk 00:09:42]} {[%emt 00:04:41]} Qd8 {[%clk 00:42:32]} {[%emt 00:03:04]} 18.
Ne2 {[%clk 00:08:16]} {[%emt 00:01:55]} exd5 {[%clk 00:39:33]} {[%emt
00:03:29]} 19. Bxd5 {[%clk 00:07:57]} {[%emt 00:00:49]} Qb6 {[%clk 00:37:56]}
{[%emt 00:02:08]} 20. c3 {[%clk 00:06:53]} {[%emt 00:01:34]} Be6 {[%clk
00:37:32]} {[%emt 00:00:54]} 21. Rfd1 {[%clk 00:05:54]} {[%emt 00:01:30]} Rad8
{[%clk 00:37:15]} {[%emt 00:00:46]} 22. Kh1 {[%clk 00:05:20]} {[%emt 00:01:03]}
Qc7 {[%clk 00:33:48]} {[%emt 00:03:57]} 23. b4 {[%clk 00:04:45]} {[%emt
00:01:06]} c4 {[%clk 00:33:41]} {[%emt 00:00:37]} 24. Bxe6 {[%clk 00:04:45]}
{[%emt 00:00:30]} fxe6 {[%clk 00:33:58]} {[%emt 00:00:13]} 25. Nd4 {[%clk
00:05:00]} {[%emt 00:00:15]} Qe7 {[%clk 00:32:51]} {[%emt 00:01:36]} 26. Qe2
{[%clk 00:04:13]} {[%emt 00:01:17]} Rc8 {[%clk 00:32:42]} {[%emt 00:00:39]} 27.
Rd2 {[%clk 00:03:50]} {[%emt 00:00:53]} Bh6 {[%clk 00:30:37]} {[%emt 00:02:35]}
28. Rdd1 {[%clk 00:03:59]} {[%emt 00:00:22]} e5 {[%clk 00:29:48]} {[%emt
00:01:19]} 29. Nc2 {[%clk 00:03:45]} {[%emt 00:00:43]} Rfd8 {[%clk 00:28:23]}
{[%emt 00:01:56]} 30. Ne3 {[%clk 00:03:40]} {[%emt 00:00:35]} b5 {[%clk
00:26:12]} {[%emt 00:02:42]} 31. Nd5 {[%clk 00:04:03]} {[%emt 00:00:05]} Qh4
{[%clk 00:25:45]} {[%emt 00:00:57]} 32. Qe1 {[%clk 00:03:01]} {[%emt 00:01:32]}
Qxe1+ {[%clk 00:24:07]} {[%emt 00:02:09]} 33. Rxe1 {[%clk 00:03:24]} {[%emt
00:00:07]} Bf4 {[%clk 00:22:21]} {[%emt 00:02:15]} 34. Ne7+ {[%clk 00:03:21]}
{[%emt 00:00:34]} Kf7 {[%clk 00:22:06]} {[%emt 00:00:45]} 35. Nxc8 {[%clk
00:03:31]} {[%emt 00:00:19]} Rxc8 {[%clk 00:22:28]} {[%emt 00:00:08]} 36. Red1
{[%clk 00:03:25]} {[%emt 00:00:36]} Rd8 {[%clk 00:22:36]} {[%emt 00:00:22]} 37.
Rd5 {[%clk 00:03:24]} {[%emt 00:00:31]} a6 {[%clk 00:22:31]} {[%emt 00:00:36]}
38. Rbd1 {[%clk 00:03:28]} {[%emt 00:00:25]} Ke6 {[%clk 00:22:37]} {[%emt
00:00:25]} 39. a4 {[%clk 00:02:43]} {[%emt 00:01:15]} bxa4 {[%clk 00:22:36]}
{[%emt 00:00:28]} 40. Ra5 {[%clk 00:02:49]} {[%emt 00:00:27]} Ra8 {[%clk
00:22:45]} {[%emt 00:00:21]} 41. Rxa4 {[%clk 00:02:46]} {[%emt 00:00:33]} Bg5
{[%clk 00:22:32]} {[%emt 00:00:42]} 42. Rda1 {[%clk 00:13:25]} {[%emt
00:04:52]} Kd7 {[%clk 00:36:43]} {[%emt 00:01:19]} 43. Rxa6 {[%clk 00:13:34]}
{[%emt 00:00:21]} Rxa6 {[%clk 00:37:02]} {[%emt 00:00:10]} 44. Rxa6 {[%clk
00:13:41]} {[%emt 00:00:23]} h6 {[%clk 00:37:11]} {[%emt 00:00:22]} 45. Ra2
{[%clk 00:12:53]} {[%emt 00:01:18]} Kc7 {[%clk 00:36:43]} {[%emt 00:00:58]} 46.
Kg1 {[%clk 00:12:41]} {[%emt 00:00:41]} Bf4 {[%clk 00:36:38]} {[%emt 00:00:35]}
47. Kf2 {[%clk 00:12:29]} {[%emt 00:00:42]} h5 {[%clk 00:36:55]} {[%emt
00:00:14]} 48. Ke2 {[%clk 00:12:10]} {[%emt 00:00:49]} h4 {[%clk 00:36:50]}
{[%emt 00:00:34]} 49. Ra6 {[%clk 00:11:04]} {[%emt 00:01:36]} Bg5 {[%clk
00:36:09]} {[%emt 00:01:12]} 50. b5 {[%clk 00:10:25]} {[%emt 00:01:09]} Be7
{[%clk 00:36:23]} {[%emt 00:00:15]} 51. Ra7+ {[%clk 00:09:34]} {[%emt
00:01:22]} Kd8 {[%clk 00:36:31]} {[%emt 00:00:22]} 52. b6 {[%clk 00:09:32]}
{[%emt 00:00:31]} Bf6 {[%clk 00:36:28]} {[%emt 00:00:33]} 53. Ra8+ {[%clk
00:09:40]} {[%emt 00:00:23]} Kd7 {[%clk 00:36:44]} {[%emt 00:00:14]} 54. b7
{[%clk 00:10:04]} {[%emt 00:00:06]} Kc7 {[%clk 00:36:21]} {[%emt 00:00:52]} 55.
b8=Q+ {[%emt 00:00:14]} Kc6 {[%emt 00:00:14]} 56. Ra6+ {[%clk 00:09:49]} {[%emt
00:00:17]} Kd7 {[%clk 00:36:37]} {[%emt 00:00:14]} 57. Rxd6+ {[%clk 00:10:12]}
{[%emt 00:00:07]} Ke7 {[%clk 00:36:52]} {[%emt 00:00:15]} 58. Qc7+ {[%clk
00:10:24]} {[%emt 00:00:17]} Ke8 {[%clk 00:37:11]} {[%emt 00:00:12]} 59. Rd7
{[%clk 00:10:18]} {[%emt 00:00:36]} g5 {[%clk 00:37:06]} {[%emt 00:00:35]} 60.
Qc8+ {[%clk 00:10:40]} {[%emt 00:00:08]} Bd8 {[%emt 00:00:17]} 1-0

[Event "DEM U10 2021"]
[Site "Willingen GER"]
[Date "2021.08.23"]
[Round "2"]
[White "Vinogradov, Ilia"]
[Black "Deiringer, Julius"]
[Result "1/2-1/2"]
[Termination "normal"]
[Board "16"]
[WhiteElo "1217"]
[BlackElo "1274"]
[WhiteClock "00:12:18"]
[BlackClock "00:21:24"]
[PlyCount "85"]
[WhiteFideId "34603166"]
[BlackFideId "16267010"]
[EventCountry "GER"]
[EventRounds "11"]
[EventType "swiss"]
[EventDate "2021.08.22"]

1. e4 {[%clk 01:15:57]} {[%emt 00:00:03]} e5 {[%clk 01:15:51]} {[%emt
00:00:10]} 2. Nf3 {[%clk 01:16:17]} {[%emt 00:00:10]} Nc6 {[%clk 01:16:16]}
{[%emt 00:00:05]} 3. Bc4 {[%clk 01:16:28]} {[%emt 00:00:19]} Bc5 {[%clk
01:16:38]} {[%emt 00:00:06]} 4. O-O {[%clk 01:16:32]} {[%emt 00:00:26]} Nf6
{[%clk 01:16:54]} {[%emt 00:00:14]} 5. Nc3 {[%clk 01:16:51]} {[%emt 00:00:12]}
d6 {[%clk 01:16:34]} {[%emt 00:00:50]} 6. h3 {[%clk 01:16:32]} {[%emt
00:00:50]} a6 {[%clk 01:16:13]} {[%emt 00:00:50]} 7. a4 {[%clk 01:14:37]}
{[%emt 00:02:25]} Ba7 {[%clk 01:14:35]} {[%emt 00:02:08]} 8. d3 {[%clk
01:13:55]} {[%emt 00:01:12]} h6 {[%clk 01:13:50]} {[%emt 00:01:15]} 9. Be3
{[%clk 01:13:00]} {[%emt 00:01:25]} Bxe3 {[%clk 01:13:43]} {[%emt 00:00:37]}
10. fxe3 {[%clk 01:13:18]} {[%emt 00:00:12]} O-O {[%clk 01:13:44]} {[%emt
00:00:30]} 11. d4 {[%clk 01:12:05]} {[%emt 00:01:43]} Re8 {[%clk 01:12:17]}
{[%emt 00:01:55]} 12. Qe2 {[%clk 01:08:24]} {[%emt 00:04:11]} exd4 {[%clk
01:11:02]} {[%emt 00:01:47]} 13. exd4 {[%clk 01:08:12]} {[%emt 00:00:41]} Bf5
{[%clk 01:06:52]} {[%emt 00:04:40]} 14. Bd3 {[%clk 01:06:12]} {[%emt 00:02:31]}
Bh7 {[%clk 01:03:54]} {[%emt 00:03:27]} 15. Rae1 {[%clk 01:04:02]} {[%emt
00:02:41]} Qe7 {[%clk 01:02:42]} {[%emt 00:01:41]} 16. Qe3 {[%clk 00:56:54]}
{[%emt 00:07:38]} Nb4 {[%clk 01:00:27]} {[%emt 00:02:46]} 17. Re2 {[%clk
00:49:18]} {[%emt 00:08:06]} Nbd5 {[%clk 00:56:51]} {[%emt 00:04:05]} 18. Nxd5
{[%clk 00:48:48]} {[%emt 00:01:00]} Nxd5 {[%clk 00:57:10]} {[%emt 00:00:13]}
19. Qd2 {[%clk 00:47:26]} {[%emt 00:01:51]} Nb6 {[%clk 00:52:48]} {[%emt
00:04:51]} 20. b3 {[%clk 00:45:54]} {[%emt 00:02:03]} Nd7 {[%clk 00:52:16]}
{[%emt 00:01:02]} 21. Rfe1 {[%clk 00:44:16]} {[%emt 00:02:07]} Qf8 {[%clk
00:49:47]} {[%emt 00:02:59]} 22. e5 {[%clk 00:42:42]} {[%emt 00:02:04]} Bxd3
{[%clk 00:49:49]} {[%emt 00:00:29]} 23. Qxd3 {[%clk 00:42:51]} {[%emt
00:00:19]} dxe5 {[%clk 00:49:49]} {[%emt 00:00:30]} 24. Nxe5 {[%clk 00:42:06]}
{[%emt 00:01:16]} Nxe5 {[%clk 00:49:27]} {[%emt 00:00:52]} 25. Rxe5 {[%clk
00:41:09]} {[%emt 00:01:27]} Rxe5 {[%clk 00:47:17]} {[%emt 00:02:40]} 26. Rxe5
{[%clk 00:40:54]} {[%emt 00:00:46]} Rd8 {[%clk 00:46:18]} {[%emt 00:01:28]} 27.
Re3 {[%clk 00:36:49]} {[%emt 00:04:35]} Qd6 {[%clk 00:45:33]} {[%emt 00:01:15]}
28. Kh1 {[%clk 00:30:32]} {[%emt 00:06:47]} g6 {[%clk 00:43:59]} {[%emt
00:02:03]} 29. c4 {[%clk 00:29:06]} {[%emt 00:01:56]} Kf8 {[%clk 00:44:02]}
{[%emt 00:00:28]} 30. d5 {[%clk 00:27:59]} {[%emt 00:01:37]} Qc5 {[%clk
00:37:54]} {[%emt 00:06:38]} 31. Qc3 {[%clk 00:27:22]} {[%emt 00:01:08]} Kg8
{[%clk 00:37:26]} {[%emt 00:00:57]} 32. Rf3 {[%clk 00:25:27]} {[%emt 00:02:25]}
Re8 {[%clk 00:35:01]} {[%emt 00:02:55]} 33. Rf1 {[%clk 00:20:47]} {[%emt
00:05:10]} Qe3 {[%clk 00:32:45]} {[%emt 00:02:46]} 34. Qf6 {[%clk 00:20:03]}
{[%emt 00:01:13]} Qe7 {[%clk 00:32:57]} {[%emt 00:00:18]} 35. Qf4 {[%clk
00:19:26]} {[%emt 00:01:08]} h5 {[%clk 00:32:38]} {[%emt 00:00:49]} 36. Qf2
{[%clk 00:18:35]} {[%emt 00:01:21]} Rf8 {[%clk 00:28:04]} {[%emt 00:05:03]} 37.
Qd2 {[%clk 00:17:45]} {[%emt 00:01:21]} Kh7 {[%clk 00:25:52]} {[%emt 00:02:41]}
38. Re1 {[%clk 00:17:30]} {[%emt 00:00:46]} Qd6 {[%clk 00:24:54]} {[%emt
00:01:28]} 39. Qd3 {[%clk 00:15:52]} {[%emt 00:02:09]} Kg8 {[%clk 00:23:17]}
{[%emt 00:02:05]} 40. Re6 {[%clk 00:13:58]} {[%emt 00:02:25]} Qd7 {[%clk
00:21:24]} {[%emt 00:02:23]} 41. Rf6 {[%clk 00:12:44]} {[%emt 00:01:44]} Qe7
{[%clk 00:21:14]} {[%emt 00:00:39]} 42. Rf1 {[%clk 00:12:23]} {[%emt 00:00:53]}
Re8 {[%clk 00:21:24]} {[%emt 00:00:19]} 43. Qf3 {[%clk 00:12:18]} {[%emt
00:00:35]} 1/2-1/2

[Event "DEM U10 2021"]
[Site "Willingen GER"]
[Date "2021.08.23"]
[Round "2"]
[White "Gulamzada, Elmir"]
[Black "Burban, Bogdan"]
[Result "1-0"]
[Termination "normal"]
[Board "17"]
[WhiteElo "1342"]
[BlackElo "1062"]
[WhiteClock "00:45:42"]
[BlackClock "00:40:57"]
[PlyCount "67"]
[WhiteFideId "34604332"]
[BlackFideId "34609040"]
[EventCountry "GER"]
[EventRounds "11"]
[EventType "swiss"]
[EventDate "2021.08.22"]

1. e4 {[%clk 01:15:43]} {[%emt 00:00:16]} e6 {[%clk 01:15:53]} {[%emt
00:00:06]} 2. d4 {[%clk 01:16:05]} {[%emt 00:00:09]} d5 {[%clk 01:16:17]}
{[%emt 00:00:07]} 3. Nc3 {[%clk 01:16:14]} {[%emt 00:00:21]} Nf6 {[%clk
01:16:36]} {[%emt 00:00:10]} 4. e5 {[%clk 01:16:36]} {[%emt 00:00:08]} Nfd7
{[%clk 01:17:00]} {[%emt 00:00:05]} 5. f4 {[%clk 01:17:01]} {[%emt 00:00:06]}
c5 {[%clk 01:15:54]} {[%emt 00:01:36]} 6. Nf3 {[%clk 01:15:18]} {[%emt
00:02:13]} Nc6 {[%clk 01:14:55]} {[%emt 00:01:30]} 7. Be3 {[%clk 01:14:23]}
{[%emt 00:01:25]} a6 {[%clk 01:12:49]} {[%emt 00:02:35]} 8. Qd2 {[%clk
01:10:21]} {[%emt 00:04:32]} b5 {[%clk 01:12:00]} {[%emt 00:01:19]} 9. dxc5
{[%clk 01:10:32]} {[%emt 00:00:20]} Nxc5 {[%clk 01:11:06]} {[%emt 00:01:23]}
10. O-O-O {[%clk 01:05:54]} {[%emt 00:05:09]} Bb7 {[%clk 01:08:24]} {[%emt
00:03:12]} 11. Qf2 {[%clk 01:05:39]} {[%emt 00:00:44]} Nd7 {[%clk 01:07:48]}
{[%emt 00:01:07]} 12. Ne2 {[%clk 01:02:07]} {[%emt 00:04:03]} Be7 {[%clk
01:04:51]} {[%emt 00:03:25]} 13. Ned4 {[%clk 01:02:19]} {[%emt 00:00:19]} O-O
{[%clk 01:02:27]} {[%emt 00:02:53]} 14. Bd3 {[%clk 00:58:41]} {[%emt 00:04:08]}
Bc5 {[%clk 00:59:06]} {[%emt 00:03:51]} 15. Nxc6 {[%clk 00:57:29]} {[%emt
00:01:43]} Bxe3+ {[%clk 00:59:19]} {[%emt 00:00:17]} 16. Qxe3 {[%clk 00:57:53]}
{[%emt 00:00:05]} Bxc6 {[%clk 00:59:20]} {[%emt 00:00:28]} 17. Nd4 {[%clk
00:57:02]} {[%emt 00:01:22]} Qb6 {[%clk 00:56:36]} {[%emt 00:03:14]} 18. Rde1
{[%clk 00:56:49]} {[%emt 00:00:43]} Rac8 {[%clk 00:55:21]} {[%emt 00:01:44]}
19. Nf3 {[%clk 00:55:48]} {[%emt 00:01:32]} Qc7 {[%clk 00:54:28]} {[%emt
00:01:23]} 20. Kb1 {[%emt 00:00:52]} Ba8 {[%clk 00:53:02]} {[%emt 00:01:53]}
21. Ng5 {[%clk 00:52:59]} {[%emt 00:03:00]} h6 {[%clk 00:52:51]} {[%emt
00:00:41]} 22. Nf3 {[%clk 00:52:05]} {[%emt 00:01:25]} Qb7 {[%clk 00:51:43]}
{[%emt 00:01:37]} 23. g4 {[%clk 00:51:07]} {[%emt 00:01:28]} g6 {[%clk
00:49:04]} {[%emt 00:03:10]} 24. h4 {[%clk 00:50:56]} {[%emt 00:00:41]} f5
{[%clk 00:46:06]} {[%emt 00:03:28]} 25. exf6 {[%clk 00:50:14]} {[%emt
00:01:11]} Rxf6 {[%clk 00:46:00]} {[%emt 00:00:36]} 26. g5 {[%clk 00:50:33]}
{[%emt 00:00:11]} hxg5 {[%clk 00:45:17]} {[%emt 00:01:13]} 27. hxg5 {[%clk
00:50:32]} {[%emt 00:00:31]} Rff8 {[%clk 00:44:11]} {[%emt 00:01:36]} 28. Qxe6+
{[%clk 00:50:43]} {[%emt 00:00:19]} Rf7 {[%clk 00:43:50]} {[%emt 00:00:51]} 29.
Bxg6 {[%clk 00:49:34]} {[%emt 00:01:40]} Nf8 {[%clk 00:43:19]} {[%emt
00:01:00]} 30. Bxf7+ {[%clk 00:47:47]} {[%emt 00:02:17]} Qxf7 {[%emt 00:00:35]}
31. Qxc8 {[%emt 00:00:20]} Qxf4 {[%clk 00:41:41]} {[%emt 00:01:12]} 32. Qxa8
{[%clk 00:47:17]} {[%emt 00:01:01]} Qxf3 {[%clk 00:41:37]} {[%emt 00:00:34]}
33. Ref1 {[%clk 00:45:42]} {[%emt 00:02:05]} Qe4 {[%clk 00:40:57]} {[%emt
00:01:10]} 34. Qxf8# {[%emt 00:00:12]} 1-0

[Event "DEM U10 2021"]
[Site "Willingen GER"]
[Date "2021.08.23"]
[Round "2"]
[White "Langer, Johann Leander"]
[Black "Allen, Phillipp"]
[Result "1-0"]
[Termination "normal"]
[Board "18"]
[WhiteElo "1047"]
[BlackElo "1510"]
[WhiteClock "01:02:01"]
[BlackClock "01:06:34"]
[PlyCount "51"]
[WhiteFideId "34607463"]
[BlackFideId "16272846"]
[EventCountry "GER"]
[EventRounds "11"]
[EventType "swiss"]
[EventDate "2021.08.22"]

1. e4 {[%clk 01:15:57]} {[%emt 00:00:02]} c6 {[%clk 01:15:53]} {[%emt
00:00:08]} 2. d4 {[%clk 01:16:04]} {[%emt 00:00:21]} d5 {[%clk 01:16:20]}
{[%emt 00:00:05]} 3. exd5 {[%clk 01:16:11]} {[%emt 00:00:22]} cxd5 {[%clk
01:16:44]} {[%emt 00:00:08]} 4. Bb5+ {[%clk 01:16:13]} {[%emt 00:00:25]} Nc6
{[%clk 01:17:07]} {[%emt 00:00:08]} 5. Nf3 {[%clk 01:16:06]} {[%emt 00:00:38]}
Bg4 {[%clk 01:17:29]} {[%emt 00:00:08]} 6. h3 {[%clk 01:16:11]} {[%emt
00:00:25]} Bh5 {[%clk 01:17:43]} {[%emt 00:00:16]} 7. Bxc6+ {[%clk 01:16:15]}
{[%emt 00:00:27]} bxc6 {[%clk 01:18:02]} {[%emt 00:00:11]} 8. Bf4 {[%clk
01:16:20]} {[%emt 00:00:22]} e6 {[%clk 01:16:50]} {[%emt 00:01:44]} 9. Nbd2
{[%clk 01:15:18]} {[%emt 00:00:44]} c5 {[%clk 01:14:39]} {[%emt 00:03:29]} 10.
g4 {[%clk 01:15:18]} {[%emt 00:00:27]} Bg6 {[%clk 01:15:05]} {[%emt 00:00:07]}
11. c3 {[%clk 01:14:29]} {[%emt 00:01:16]} Qb6 {[%clk 01:15:09]} {[%emt
00:00:30]} 12. Nb3 {[%clk 01:13:52]} {[%emt 00:01:06]} c4 {[%clk 01:15:21]}
{[%emt 00:00:18]} 13. Nc5 {[%clk 01:13:14]} {[%emt 00:01:07]} Bxc5 {[%clk
01:14:30]} {[%emt 00:01:23]} 14. dxc5 {[%clk 01:12:25]} {[%emt 00:00:52]} Qxc5
{[%clk 01:14:08]} {[%emt 00:01:18]} 15. Qa4+ {[%clk 01:12:22]} {[%emt
00:00:31]} Kf8 {[%clk 01:14:35]} {[%emt 00:00:05]} 16. Ne5 {[%clk 01:10:22]}
{[%emt 00:02:27]} Ke7 {[%clk 01:12:47]} {[%emt 00:02:21]} 17. Qd7+ {[%clk
01:06:47]} {[%emt 00:04:03]} Kf6 {[%clk 01:12:50]} {[%emt 00:00:28]} 18. h4
{[%clk 01:04:06]} {[%emt 00:03:03]} Qe7 {[%clk 01:12:19]} {[%emt 00:01:09]} 19.
Bg5+ {[%clk 01:03:45]} {[%emt 00:00:49]} Kxe5 {[%clk 01:12:24]} {[%emt
00:00:29]} 20. Bxe7 {[%clk 01:03:25]} {[%emt 00:00:35]} Nxe7 {[%clk 01:12:40]}
{[%emt 00:00:28]} 21. Qxe7 {[%clk 01:03:10]} {[%emt 00:00:44]} Rab8 {[%clk
01:07:35]} {[%emt 00:05:35]} 22. Qc7+ {[%clk 01:02:14]} {[%emt 00:01:25]} Ke4
{[%clk 01:06:42]} {[%emt 00:01:26]} 23. Rh3 {[%clk 01:01:49]} {[%emt 00:00:49]}
e5 {[%clk 01:06:22]} {[%emt 00:00:55]} 24. Re3+ {[%clk 01:01:52]} {[%emt
00:00:25]} Kf4 {[%clk 01:06:31]} {[%emt 00:00:23]} 25. Qxe5+ {[%clk 01:02:05]}
{[%emt 00:00:17]} Kxg4 {[%clk 01:06:34]} {[%emt 00:00:27]} 26. Qg5# {[%clk
01:02:01]} {[%emt 00:00:30]} 1-0

[Event "DEM U10 2021"]
[Site "Willingen GER"]
[Date "2021.08.23"]
[Round "2"]
[White "Burban, Victor"]
[Black "Rohatgi, Kushagra"]
[Result "0-1"]
[Termination "normal"]
[Board "19"]
[WhiteElo "1215"]
[BlackElo "1473"]
[WhiteClock "00:21:34"]
[BlackClock "00:51:02"]
[PlyCount "76"]
[WhiteFideId "34609032"]
[BlackFideId "34603212"]
[EventCountry "GER"]
[EventRounds "11"]
[EventType "swiss"]
[EventDate "2021.08.22"]

1. e4 {[%clk 01:15:59]} e5 {[%clk 01:15:58]} {[%emt 00:00:03]} 2. Nf3 {[%clk
01:16:22]} {[%emt 00:00:07]} Nc6 {[%clk 01:16:18]} {[%emt 00:00:10]} 3. Nc3
{[%clk 01:16:43]} {[%emt 00:00:08]} Nf6 {[%clk 01:16:32]} {[%emt 00:00:15]} 4.
Bb5 {[%clk 01:17:03]} {[%emt 00:00:11]} d6 {[%clk 01:15:06]} {[%emt 00:01:55]}
5. d4 {[%clk 01:17:25]} {[%emt 00:00:09]} exd4 {[%clk 01:14:55]} {[%emt
00:00:41]} 6. Nxd4 {[%clk 01:17:00]} {[%emt 00:00:55]} Bd7 {[%clk 01:14:39]}
{[%emt 00:00:46]} 7. O-O {[%clk 01:16:35]} {[%emt 00:00:55]} Be7 {[%clk
01:14:46]} {[%emt 00:00:23]} 8. Bf4 {[%clk 01:14:26]} {[%emt 00:02:40]} O-O
{[%clk 01:14:48]} {[%emt 00:00:27]} 9. Re1 {[%clk 01:12:47]} {[%emt 00:02:08]}
Re8 {[%clk 01:14:02]} {[%emt 00:01:15]} 10. Nf3 {[%clk 01:10:30]} {[%emt
00:02:42]} h6 {[%clk 01:13:57]} {[%emt 00:00:42]} 11. e5 {[%clk 01:09:15]}
{[%emt 00:01:45]} dxe5 {[%clk 01:13:42]} {[%emt 00:00:45]} 12. Nxe5 {[%clk
01:07:30]} {[%emt 00:02:15]} Nxe5 {[%clk 01:13:38]} {[%emt 00:00:34]} 13. Bxe5
{[%clk 01:06:54]} {[%emt 00:01:05]} c6 {[%clk 01:12:55]} {[%emt 00:01:13]} 14.
Bc4 {[%clk 01:05:12]} {[%emt 00:02:14]} b5 {[%clk 01:12:14]} {[%emt 00:01:11]}
15. Bb3 {[%clk 01:04:12]} {[%emt 00:01:29]} a5 {[%clk 01:12:15]} {[%emt
00:00:30]} 16. a3 {[%clk 01:03:03]} {[%emt 00:01:39]} b4 {[%clk 01:12:12]}
{[%emt 00:00:33]} 17. axb4 {[%clk 01:01:40]} {[%emt 00:01:51]} Bxb4 {[%clk
01:11:32]} {[%emt 00:01:11]} 18. h3 {[%clk 00:58:59]} {[%emt 00:03:12]} c5
{[%clk 01:09:03]} {[%emt 00:02:59]} 19. Re3 {[%clk 00:56:12]} {[%emt 00:03:12]}
Rc8 {[%clk 01:08:23]} {[%emt 00:01:14]} 20. Nd5 {[%clk 00:54:23]} {[%emt
00:02:19]} Nxd5 {[%clk 01:07:17]} {[%emt 00:01:37]} 21. Bxd5 {[%clk 00:52:38]}
{[%emt 00:02:14]} c4 {[%clk 01:06:23]} {[%emt 00:01:25]} 22. Qf3 {[%clk
00:50:22]} {[%emt 00:02:41]} Be6 {[%clk 01:05:50]} {[%emt 00:01:06]} 23. Bxe6
{[%clk 00:49:28]} {[%emt 00:01:24]} Rxe6 {[%clk 01:05:06]} {[%emt 00:01:15]}
24. Qg4 {[%clk 00:47:43]} {[%emt 00:02:09]} Rg6 {[%clk 01:04:49]} {[%emt
00:00:53]} 25. Qe2 {[%clk 00:45:31]} {[%emt 00:02:42]} Qd5 {[%clk 01:04:19]}
{[%emt 00:01:01]} 26. Bg3 {[%clk 00:44:58]} {[%emt 00:01:02]} Bc5 {[%clk
01:03:07]} {[%emt 00:01:42]} 27. Re5 {[%clk 00:42:33]} {[%emt 00:02:54]} Qc6
{[%clk 01:01:18]} {[%emt 00:02:20]} 28. Rd1 {[%clk 00:40:31]} {[%emt 00:02:31]}
Rxg3 {[%clk 01:00:58]} {[%emt 00:00:49]} 29. Red5 {[%clk 00:37:33]} {[%emt
00:03:27]} Rg6 {[%clk 00:59:58]} {[%emt 00:01:32]} 30. Kf1 {[%clk 00:33:41]}
{[%emt 00:04:21]} Qe6 {[%clk 00:58:38]} {[%emt 00:01:49]} 31. Qxc4 {[%clk
00:32:03]} {[%emt 00:02:09]} Qc6 {[%clk 00:56:04]} {[%emt 00:03:05]} 32. Rxc5
{[%clk 00:28:56]} {[%emt 00:03:39]} Qxg2+ {[%clk 00:53:16]} {[%emt 00:03:16]}
33. Ke2 {[%clk 00:28:01]} {[%emt 00:01:26]} Re6+ {[%clk 00:53:24]} {[%emt
00:00:20]} 34. Kd2 {[%clk 00:26:31]} {[%emt 00:02:02]} Qxf2+ {[%clk 00:53:25]}
{[%emt 00:00:28]} 35. Kc1 {[%clk 00:25:30]} {[%emt 00:01:32]} Rxc5 {[%clk
00:53:32]} {[%emt 00:00:24]} 36. Rd8+ {[%clk 00:24:01]} {[%emt 00:01:59]} Kh7
{[%clk 00:53:22]} {[%emt 00:00:38]} 37. Qd3+ {[%clk 00:23:56]} {[%emt
00:00:34]} g6 {[%clk 00:51:55]} {[%emt 00:01:58]} 38. Rd7 {[%clk 00:21:34]}
{[%emt 00:02:49]} Re1+ {[%clk 00:51:02]} {[%emt 00:01:26]} 0-1